000
00311nam a22001457a 4500
003
SGT
082
_a
330,KAM
100
_a
KAMATH,NANDAN
245
_a
COMPUTER INTERNET AND E-COMMERCE
250
_a
5TH
260
_a
NEW DELHI
_b
UNIVERSAL BOOK
_c
2015
300
_a
846
650
_a
E-COMMERCE
942
_2
ddc
_c
BK
999
_c
9799
_d
9799